[Event "Titled Tuesday intern op 20th May Late"]
[Site "Chess.com INT"]
[Date "2025.05.20"]
[Round "1"]
[White "Danzer, George"]
[Black "Toncheva, Nadya"]
[Result "0-1"]
[WhiteElo "2172"]
[BlackElo "2332"]
[PlyCount "50"]
[EventDate "2025.05.20"]
[EventType "swiss (blitz)"]
[EventRounds "11"]
[EventCountry "USA"]
[SourceTitle "CB22_2025"]
[SourceDate "2025.05.28"]
[SourceVersion "1"]
[SourceVersionDate "2025.05.28"]
[SourceQuality "1"]

1. e4 c5 2. Nf3 Nc6 3. d4 cxd4 4. Nxd4 g6 5. c4 Bg7 6. Be3 Nf6 7. Nc3 0-0 8. Be2 d6 9. 0-0 Bd7 10. Rc1 Nxd4 11. Bxd4 Bc6 12. f3 a5 13. Qd2 Nd7 14. Bxg7 Kxg7 15. Nd5 e6 16. Ne3 Qb6 17. Kh1 Rfd8 18. Ng4 Qc5 19. Qh6+ Kg8 20. Rfd1 a4 21. e5 Nf8 22. Qh4 h5 23. Nf6+ Kg7 24. Rd4 Qxe5 25. Ne4 Qxd4 0-1

[Event "Titled Tuesday intern op 20th May Late"]
[Site "Chess.com INT"]
[Date "2025.05.20"]
[Round "7"]
[White "Toncheva, Nadya"]
[Black "Fishbein, Alexander"]
[Result "1/2-1/2"]
[WhiteElo "2332"]
[BlackElo "2377"]
[PlyCount "233"]
[EventDate "2025.05.20"]
[EventType "swiss (blitz)"]
[EventRounds "11"]
[EventCountry "USA"]
[SourceTitle "CB22_2025"]
[SourceDate "2025.05.28"]
[SourceVersion "1"]
[SourceVersionDate "2025.05.28"]
[SourceQuality "1"]

1. e4 c5 2. Nf3 d6 3. c3 Nf6 4. Be2 g6 5. 0-0 Bg7 6. Bb5+ Bd7 7. Bxd7+ Qxd7 8. Re1 0-0 9. d4 cxd4 10. cxd4 d5 11. e5 Ne4 12. Nbd2 Nc6 13. Nxe4 dxe4 14. Rxe4 Rad8 15. Bg5 f6 16. exf6 exf6 17. Qb3+ Qd5 18. Bh4 Qxb3 19. axb3 f5 20. Ree1 Rd7 21. Ne5 Bxe5 22. dxe5 Re8 23. Bf6 a6 24. f4 Kf7 25. Rad1 Rd4 26. g3 Ke6 27. Rxd4 Nxd4 28. Rd1 Nb5 29. Rd2 Rc8 30. Kg2 Rc7 31. h3 Rd7 32. Rxd7 Kxd7 33. Kf2 Nd4 34. b4 Ke6 35. g4 Nc6 36. b5 axb5 37. Ke3 Kd5 38. Bh4 Na5 39. Kd3 Nc4 40. b3 Na5 41. Kc3 Nc6 42. Kd3 h6 43. Bf2 fxg4 44. hxg4 h5 45. gxh5 gxh5 46. Bg3 Ne7 47. Ke2 Ke4 48. Kf2 Kf5 49. Kf3 Nc6 50. Bf2 Na5 51. b4 Nc6 52. Bc5 b6 53. Bd6 Nd4+ 54. Kg3 Ne6 55. Kf3 Nxf4 56. Bc7 Nd5 57. Bd6 Nf4 58. Bc7 Nd3 59. Bxb6 Nxe5+ 60. Kg3 Nd3 61. Kh4 Kg6 62. Ba5 Kh6 63. Kh3 Kg5 64. Kg3 Kf5 65. Kh4 Kg6 66. Kh3 Ne5 67. Kh4 Nc4 68. Bc7 Nd2 69. Bf4 Nf3+ 70. Kh3 Kf5 71. Bd6 Nd4 72. Bc5 Ne6 73. Be7 Kg6 74. Bd6 Ng5+ 75. Kh4 Nf3+ 76. Kg3 Nd2 77. Kh3 Ne4 78. Be7 Kf5 79. Kh4 Kg6 80. Bf8 Nc3 81. Bc5 Nd5 82. Kh3 Nf4+ 83. Kh4 Ne6 84. Bd6 Ng5 85. Bc5 Nf7 86. Kg3 Nh6 87. Kh4 Nf5+ 88. Kh3 Kf7 89. Bf2 Ke6 90. Bc5 Kd5 91. Kg2 Ke4 92. Kh3 Kf4 93. Bb6 Ke4 94. Bc5 Kd3 95. Bf8 Kc4 96. Bc5 Kd5 97. Bf8 Kc4 98. Bc5 Kb3 99. Bf8 Nd4 100. Kh4 Nc2 101. Kxh5 Nxb4 102. Kg4 Nc6 103. Kf3 Kc2 104. Ke2 Nd4+ 105. Ke3 Ne6 106. Be7 Kc3 107. Ke2 Kc4 108. Kd2 Nc7 109. Bf8 Nd5 110. Kc2 Nb4+ 111. Bxb4 Kxb4 112. Kb2 Kc4 113. Kc2 b4 114. Kb2 Kb5 115. Kb3 Ka5 116. Kb2 b3 117. Kxb3 1/2-1/2

[Event "Bucharest ROM GP"]
[Site "Bucharest"]
[Date "2025.05.11"]
[Round "8"]
[White "Korcsek, Alexandru David"]
[Black "Toncheva, Nadya"]
[Result "0-1"]
[WhiteElo "2158"]
[BlackElo "2332"]
[PlyCount "158"]
[EventDate "2025.05.10"]
[EventType "swiss"]
[EventRounds "10"]
[EventCountry "ROU"]
[SourceTitle "CB20_2025"]
[SourceDate "2025.05.14"]
[SourceVersion "1"]
[SourceVersionDate "2025.05.14"]
[SourceQuality "1"]

1. e4 c5 2. d4 cxd4 3. Qxd4 Nc6 4. Qd3 e6 5. Nc3 Nf6 6. Bf4 e5 7. Bg5 Be7 8. 0-0-0 0-0 9. Kb1 Nxe4 10. Qxe4 Bxg5 11. Nf3 Bf6 12. g4 d6 13. h4 Be7 14. Bc4 Be6 15. Bd5 Qd7 16. Ng5 g6 17. f4 Bxg4 18. Rdg1 Bf5 19. Qc4 Bxg5 20. hxg5 Nd4 21. Be4 Rac8 22. Qd3 Rxc3 23. bxc3 Bxe4 24. Qxe4 Nf5 25. Rh3 Re8 26. Rgh1 h5 27. gxh6 Kh7 28. Rd3 Qb5+ 29. Ka1 exf4 30. Qxf4 Re2 31. Rd2 Re3 32. Qb4 Qc6 33. Rb1 b6 34. Rd3 Re4 35. Qb3 Qc4 36. Qa3 Re7 37. Qc1 Qe4 38. Qg5 Qe5 39. Rbd1 Rc7 40. Qd2 b5 41. Kb1 a5 42. Rd5 Qe4 43. Rxb5 a4 44. Rb8 Rb7+ 45. Rxb7 Qxb7+ 46. Ka1 a3 47. Rb1 Qc7 48. Rb3 Qc5 49. Qc1 Ne3 50. Kb1 Nc4 51. Rb7 Qd5 52. Rb4 Qe6 53. Ka1 d5 54. Rb7 Qf6 55. Qe1 Nd6 56. Rb6 Qf4 57. Ra6 Nb5 58. Rb6 Qc4 59. Rxb5 Qxb5 60. Qc1 Qc5 61. Qe1 Kxh6 62. Kb1 Qb5+ 63. Kc1 Qc4 64. Qe3+ Kg7 65. Qe5+ Kh6 66. Qh8+ Kg5 67. Qe5+ f5 68. Qe7+ Kg4 69. Qe1 Qf4+ 70. Kb1 Qe4 71. Qg1+ Kh5 72. Qh2+ Kg5 73. Qg3+ Qg4 74. Qe3+ Kh5 75. Kc1 Qg5 76. Kd2 Qxe3+ 77. Kxe3 Kg4 78. Kd4 f4 79. Kxd5 f3 0-1

[Event "Bucharest ROM GP"]
[Site "Bucharest"]
[Date "2025.05.11"]
[Round "5"]
[White "Magold, Filip"]
[Black "Toncheva, Nadya"]
[Result "1-0"]
[WhiteElo "2445"]
[BlackElo "2332"]
[PlyCount "103"]
[EventDate "2025.05.10"]
[EventType "swiss"]
[EventRounds "10"]
[EventCountry "ROU"]
[SourceTitle "CB20_2025"]
[SourceDate "2025.05.14"]
[SourceVersion "1"]
[SourceVersionDate "2025.05.14"]
[SourceQuality "1"]

1. c4 c5 2. Nf3 Nc6 3. e3 e5 4. Nc3 Nf6 5. d4 e4 6. d5 exf3 7. dxc6 dxc6 8. Qxd8+ Kxd8 9. gxf3 Bd6 10. h4 h5 11. Rg1 g6 12. e4 Be5 13. Rg5 Re8 14. Be3 Bxc3+ 15. bxc3 b6 16. Bf4 Be6 17. a4 Nh7 18. Rg1 Ke7 19. a5 Red8 20. Be2 Ke8 21. Rb1 Rd7 22. Kf1 Bh3+ 23. Ke1 Be6 24. Be3 Nf8 25. f4 Re7 26. f3 f5 27. axb6 axb6 28. Rxb6 Ra1+ 29. Kf2 Ra2 30. Rb8+ Kf7 31. Rxf8+ Kxf8 32. Bxc5 Bxc4 33. Re1 Kf7 34. Bxe7 Kxe7 35. Ke3 Be6 36. Rb1 Ra7 37. Kd4 Kd6 38. Rg1 c5+ 39. Ke3 Ra3 40. Rxg6 Ke7 41. Rh6 Rxc3+ 42. Kd2 Ra3 43. Rh7+ Kf6 44. Rc7 Ra2+ 45. Ke3 Ra3+ 46. Kf2 c4 47. Bxc4 Rc3 48. e5+ Kg6 49. Rc6 Rc2+ 50. Kg3 Rxc4 51. Rxe6+ Kg7 52. Rf6 1-0

[Event "Bucharest ROM GP"]
[Site "Bucharest"]
[Date "2025.05.10"]
[Round "4"]
[White "Toncheva, Nadya"]
[Black "Ponomariov, Ruslan"]
[Result "1-0"]
[WhiteElo "2332"]
[BlackElo "2622"]
[PlyCount "111"]
[EventDate "2025.05.10"]
[EventType "swiss"]
[EventRounds "10"]
[EventCountry "ROU"]
[SourceTitle "CB20_2025"]
[SourceDate "2025.05.14"]
[SourceVersion "1"]
[SourceVersionDate "2025.05.14"]
[SourceQuality "1"]

1. e4 c5 2. c3 e6 3. d4 d5 4. exd5 exd5 5. Nf3 Nc6 6. Bb5 Bd6 7. dxc5 Bxc5 8. 0-0 Nge7 9. Nbd2 0-0 10. Nb3 Bb6 11. Re1 Nf5 12. Bd3 Bc7 13. Qc2 g6 14. Bg5 f6 15. Bh4 Ne5 16. Bg3 Nxf3+ 17. gxf3 Bb6 18. Rad1 Re8 19. Qd2 Rxe1+ 20. Rxe1 Kf7 21. Bxf5 Bxf5 22. Nd4 Qd7 23. Qh6 g5 24. Bd6 Bxd4 25. Re7+ Qxe7 26. Bxe7 Re8 27. cxd4 Rxe7 28. h4 Re6 29. hxg5 fxg5 30. Qh2 b6 31. Qc7+ Re7 32. Qd6 Be6 33. Kg2 h6 34. Kg3 Re8 35. f4 gxf4+ 36. Qxf4+ Kg6 37. Qc7 h5 38. Qxa7 Rh8 39. Qxb6 h4+ 40. Kh2 Kf6 41. a4 h3 42. a5 Rg8 43. a6 Rg2+ 44. Kh1 Rxf2 45. Qd8+ Kg6 46. Qd6 Rf1+ 47. Kh2 Rf2+ 48. Kg3 Rg2+ 49. Kf3 Kf7 50. a7 Rg8 51. Qc7+ Kf6 52. b4 Bg4+ 53. Kf2 Bf5 54. Qd6+ Kg5 55. Qxd5 Rh8 56. a8Q 1-0

[Event "Bucharest ROM GP"]
[Site "Bucharest"]
[Date "2025.05.10"]
[Round "3"]
[White "Toncheva, Nadya"]
[Black "Prelipcean, Eric Matei"]
[Result "1-0"]
[WhiteElo "2332"]
[BlackElo "2123"]
[PlyCount "81"]
[EventDate "2025.05.10"]
[EventType "swiss"]
[EventRounds "10"]
[EventCountry "ROU"]
[SourceTitle "CB20_2025"]
[SourceDate "2025.05.14"]
[SourceVersion "1"]
[SourceVersionDate "2025.05.14"]
[SourceQuality "1"]

1. e4 c5 2. c3 Nf6 3. e5 Nd5 4. Nf3 Nc6 5. Bc4 Nb6 6. Bb3 c4 7. Bc2 d6 8. exd6 Qxd6 9. 0-0 g6 10. b3 Bg7 11. Na3 cxb3 12. axb3 0-0 13. d4 e5 14. Nb5 Qd8 15. Ba3 Re8 16. Nd6 Re6 17. d5 Rxd6 18. Bxd6 Qxd6 19. dxc6 Qxc6 20. Qd8+ Bf8 21. Qd2 Bg7 22. Rfe1 Qc7 23. h3 h6 24. Rad1 Be6 25. c4 a5 26. Qd6 Qxd6 27. Rxd6 Nd7 28. Red1 Nc5 29. Rd8+ Rxd8 30. Rxd8+ Kh7 31. Nd2 f5 32. Ra8 b6 33. Rb8 Nd7 34. Rb7 e4 35. Nf1 Bd4 36. b4 Kg8 37. c5 bxc5 38. bxa5 Nf8 39. a6 Bd5 40. Rb8 c4 41. Rd8 1-0

[Event "Titled Tuesday intern op 06th May Early"]
[Site "Chess.com INT"]
[Date "2025.05.06"]
[Round "1"]
[White "Berezin, Viktor"]
[Black "Toncheva, Nadya"]
[Result "0-1"]
[WhiteElo "1921"]
[BlackElo "2332"]
[PlyCount "78"]
[EventDate "2025.05.06"]
[EventType "swiss (blitz)"]
[EventRounds "11"]
[EventCountry "USA"]
[SourceTitle "CB20_2025"]
[SourceDate "2025.05.14"]
[SourceVersion "1"]
[SourceVersionDate "2025.05.14"]
[SourceQuality "1"]

1. e4 c5 2. c3 d5 3. exd5 Qxd5 4. d4 Nc6 5. Nf3 Bg4 6. Be2 e6 7. Be3 cxd4 8. cxd4 Nf6 9. Nc3 Qa5 10. 0-0 Be7 11. h3 Bh5 12. Qb3 Qb4 13. Qxb4 Bxb4 14. a3 Ba5 15. b4 Bb6 16. Rfd1 Rd8 17. g4 Bg6 18. b5 Ne7 19. Rac1 0-0 20. Na4 Nfd5 21. Nxb6 axb6 22. Rc4 Ra8 23. a4 Rfc8 24. Rdc1 Rxc4 25. Rxc4 Kf8 26. Ne5 Ke8 27. Bf3 f6 28. Nxg6 hxg6 29. Kg2 Kd7 30. Kf1 g5 31. Kg2 Kd6 32. Kf1 Ng6 33. Bc1 Ngf4 34. Ba3+ Kd7 35. Bxd5 exd5 36. Rb4 Nxh3 37. Kg2 Nf4+ 38. Kf3 Rh8 39. Bc1 Rh3# 0-1

[Event "San Vicente op 9th"]
[Site "San Vicente"]
[Date "2025.04.20"]
[Round "8"]
[White "Toncheva, Nadya"]
[Black "Krishna, C Revanth Gopala"]
[Result "1-0"]
[WhiteElo "2318"]
[BlackElo "2415"]
[PlyCount "142"]
[EventDate "2025.04.16"]
[EventType "swiss"]
[EventRounds "9"]
[EventCountry "ESP"]
[SourceTitle "CB17_2025"]
[SourceDate "2025.04.23"]
[SourceVersion "1"]
[SourceVersionDate "2025.04.23"]
[SourceQuality "1"]

1. d4 Nf6 2. c4 d6 3. Nc3 Nbd7 4. e4 e5 5. d5 Nc5 6. Bd3 Nxd3+ 7. Qxd3 Be7 8. Nge2 0-0 9. 0-0 Nd7 10. Be3 Bg5 11. b4 b6 12. Bxg5 Qxg5 13. Rfc1 g6 14. Qg3 Qe7 15. a3 Bb7 16. Na4 f5 17. exf5 Rxf5 18. Nac3 Nf6 19. Re1 Qg7 20. Qd3 Rf8 21. Ng3 Rf4 22. Nce4 Nxe4 23. Nxe4 Bc8 24. f3 g5 25. Rac1 g4 26. fxg4 Rxg4 27. Qe2 Qg6 28. Ng3 h5 29. Rf1 Rff4 30. Rxf4 exf4 31. Nf1 Bf5 32. Nd2 h4 33. Kh1 Bd3 34. Qf3 Rg5 35. Re1 Re5 36. Qf2 Qf6 37. h3 Kf7 38. Kh2 Qg5 39. Rxe5 Qg3+ 40. Kg1 dxe5 41. Nf3 Qxf2+ 42. Kxf2 Kf6 43. c5 bxc5 44. bxc5 e4 45. Nxh4 Bc4 46. d6 cxd6 47. cxd6 Bb5 48. g3 e3+ 49. Ke1 fxg3 50. Ng2 e2 51. Nf4 Ke5 52. Nxe2 g2 53. Kf2 Kxd6 54. Nf4 Kc5 55. h4 Bc6 56. h5 Be4 57. Nxg2 Kc4 58. Nf4 Kb3 59. Ng6 Kxa3 60. Ke3 Bd5 61. Ne7 Bb3 62. Kf4 Bc2 63. Nf5 Bb3 64. h6 Bg8 65. Ne7 Bh7 66. Nc6 a5 67. Nxa5 Kb4 68. Nb7 Kb5 69. Nd8 Kb6 70. Ne6 Kc6 71. Nf8 Kd5 1-0

[Event "EU-ch (Women) 25th"]
[Site "Rhodes"]
[Date "2025.04.01"]
[Round "2"]
[White "Gaboyan, Susanna"]
[Black "Toncheva, Nadya"]
[Result "1/2-1/2"]
[WhiteElo "2200"]
[BlackElo "2318"]
[PlyCount "52"]
[EventDate "2025.03.31"]
[EventType "swiss"]
[EventRounds "11"]
[EventCountry "GRE"]
[SourceTitle "CB16_2025"]
[SourceDate "2025.04.16"]
[SourceVersion "1"]
[SourceVersionDate "2025.04.16"]
[SourceQuality "1"]

1. e4 c5 2. Nf3 Nc6 3. Bb5 e6 4. 0-0 Nge7 5. c3 a6 6. Ba4 b5 7. Bc2 d5 8. d4 cxd4 9. a4 b4 10. cxd4 dxe4 11. Bxe4 Nd5 12. Bg5 Be7 13. Bxe7 Ncxe7 14. Nbd2 Ra7 15. Nb3 Nf6 16. Bd3 0-0 17. Nc5 Qd6 18. Qe2 a5 19. Rfd1 Ng6 20. Bxg6 hxg6 21. Ne5 Bb7 22. Nc4 Qd5 23. Ne3 Qd6 24. Nc4 Qd5 25. Ne3 Qd6 26. Nc4 Qd5 1/2-1/2

[Event "Titled Tuesday intern op 25th Mar Early"]
[Site "Chess.com INT"]
[Date "2025.03.25"]
[Round "4"]
[White "Toncheva, Nadya"]
[Black "Kovalchuk, Alexey"]
[Result "1/2-1/2"]
[WhiteElo "2329"]
[BlackElo "2304"]
[PlyCount "123"]
[EventDate "2025.03.25"]
[EventType "swiss (blitz)"]
[EventRounds "11"]
[EventCountry "USA"]
[SourceTitle "CB14_2025"]
[SourceDate "2024.11.01"]
[SourceVersion "1"]
[SourceVersionDate "2024.11.01"]
[SourceQuality "1"]

1. d4 Nf6 2. c4 g6 3. Nc3 Bg7 4. e4 d6 5. Be2 0-0 6. Bg5 h6 7. Be3 c5 8. d5 e6 9. Qd2 exd5 10. exd5 Kh7 11. h4 Bf5 12. f3 h5 13. Nh3 Re8 14. Ng5+ Kg8 15. 0-0-0 Nbd7 16. Bd3 Bxd3 17. Qxd3 Ne5 18. Qe2 a6 19. Rhe1 b5 20. cxb5 axb5 21. Qxb5 Rb8 22. Qa4 Rb4 23. Qa6 Nc4 24. a3 Nxe3 25. axb4 Nxd1 26. Rxe8+ Nxe8 27. Nxd1 cxb4 28. Qc6 Bf6 29. Ne4 Bxh4 30. Ne3 f5 31. Nd2 Bg5 32. Nec4 Qe7 33. Kc2 Kg7 34. Qb6 Bf4 35. Qxb4 Nf6 36. Qc3 Kh7 37. Qd4 Be5 38. Qd3 Qb7 39. Nxe5 dxe5 40. Nc4 Nxd5 41. Kd1 e4 42. fxe4 fxe4 43. Qd4 Nf4 44. Ke1 Nxg2+ 45. Kf2 Nf4 46. Qf6 Nd3+ 47. Ke3 Nc5 48. Ne5 Qg7 49. Qxg7+ Kxg7 50. b4 Na6 51. Kxe4 Nxb4 52. Nf3 Nc6 53. Kf4 Kf6 54. Ng5 Ne7 55. Ne4+ Kg7 56. Kg5 Nf5 57. Nf6 Nh6 58. Nxh5+ Kh7 59. Nf6+ Kg7 60. Nh5+ Kf7 61. Nf4 Ng8 62. Nxg6 1/2-1/2

[Event "Titled Tuesday intern op 25th Mar Early"]
[Site "Chess.com INT"]
[Date "2025.03.25"]
[Round "9"]
[White "Toncheva, Nadya"]
[Black "Tamer Wahba, Fared"]
[Result "1-0"]
[WhiteElo "2329"]
[BlackElo "2158"]
[PlyCount "143"]
[EventDate "2025.03.25"]
[EventType "swiss (blitz)"]
[EventRounds "11"]
[EventCountry "USA"]
[SourceTitle "CB14_2025"]
[SourceDate "2024.11.01"]
[SourceVersion "1"]
[SourceVersionDate "2024.11.01"]
[SourceQuality "1"]

1. d4 d5 2. c4 e6 3. Nc3 Nf6 4. cxd5 exd5 5. Bg5 Nbd7 6. e3 c6 7. Bd3 Be7 8. Qc2 0-0 9. Nge2 Re8 10. 0-0 Nf8 11. Rad1 g6 12. f3 Ne6 13. Bh4 a6 14. Bf2 c5 15. b3 cxd4 16. Nxd4 Nxd4 17. exd4 Be6 18. Rfe1 Rc8 19. Rc1 Bb4 20. Qb2 Qa5 21. Rxe6 Rxe6 22. Ne2 Rxc1+ 23. Qxc1 Rc6 24. Qb1 Bd2 25. h3 Ne8 26. Bg3 Be3+ 27. Kh2 Qd2 28. Be1 Bf4+ 29. g3 Bxg3+ 30. Bxg3 Rc3 31. Be1 Qxd3 32. Nxc3 Qe3 33. Qd1 Nf6 34. Qe2 Qxd4 35. Nd1 Nh5 36. Bc3 Qf4+ 37. Kg1 d4 38. Bd2 Qg3+ 39. Qg2 Qe5 40. Qf2 Ng3 41. Kg2 Nf5 42. Nb2 Qe7 43. Nd3 Nh4+ 44. Kf1 Qf6 45. Bf4 g5 46. Bg3 Nxf3 47. Ke2 Qe6+ 48. Kxf3 Qf5+ 49. Ke2 Qe4+ 50. Kd2 f5 51. Qe2 Qd5 52. Qe8+ Kg7 53. Be5+ Kh6 54. Qf8+ Kh5 55. Qe8+ Kh4 56. Nf2 Qf3 57. Bxd4 g4 58. Qe7+ Kg3 59. hxg4 fxg4 60. Qe5+ Kg2 61. Qe2 Qf4+ 62. Be3 Qd6+ 63. Ke1 Qb4+ 64. Bd2 Qa3 65. Qf1+ Kf3 66. Qd3+ Kg2 67. Ne4 Qe7 68. Qg3+ Kh1 69. Kf1 Qf7+ 70. Nf2+ Qxf2+ 71. Kxf2 h5 72. Qg2# 1-0

[Event "Wch U20 Girls 41st"]
[Site "Petrovac"]
[Date "2025.03.04"]
[Round "8"]
[White "Toncheva, Nadya"]
[Black "Hrebenshchykova, Yelyzaveta"]
[Result "0-1"]
[WhiteElo "2311"]
[BlackElo "2259"]
[PlyCount "108"]
[EventDate "2025.02.25"]
[EventType "swiss"]
[EventRounds "11"]
[EventCountry "MNE"]
[SourceTitle "CB11_2025"]
[SourceDate "2025.03.12"]
[SourceVersion "1"]
[SourceVersionDate "2025.03.12"]
[SourceQuality "1"]

1. e4 e5 2. Nf3 Nc6 3. Bb5 a6 4. Ba4 Nf6 5. 0-0 Be7 6. Re1 b5 7. Bb3 d6 8. c3 0-0 9. h3 Na5 10. Bc2 c5 11. d3 Nc6 12. Nbd2 h6 13. a4 Be6 14. Nf1 Qc7 15. Qe2 b4 16. Ne3 Rfe8 17. c4 Nd4 18. Nxd4 cxd4 19. Nd5 Bxd5 20. cxd5 Nd7 21. Bb3 Qd8 22. Qg4 Bg5 23. Bxg5 hxg5 24. g3 g6 25. Kg2 Kg7 26. Bc4 Rf8 27. Qe2 f5 28. exf5 gxf5 29. f4 gxf4 30. gxf4 Rh8 31. Qf2 Qh4 32. Qxh4 Rxh4 33. fxe5 Nxe5 34. a5 Kf6 35. Rg1 Rg8+ 36. Kf2 Rxg1 37. Rxg1 Nxc4 38. dxc4 Rxh3 39. Re1 Rh2+ 40. Kf3 b3 41. Re6+ Kf7 42. Rxd6 d3 43. Rd7+ Kf6 44. Rd6+ Ke5 45. Rg6 d2 46. Rg1 Rh4 47. Ke2 Rd4 48. Kd1 f4 49. Rg5+ Ke4 50. Rg2 f3 51. Rxd2 Rxc4 52. d6 Ra4 53. Ke1 Ke3 54. Rd1 Rh4 0-1

[Event "Wch U20 Girls 41st"]
[Site "Petrovac"]
[Date "2025.02.25"]
[Round "1"]
[White "Toncheva, Nadya"]
[Black "Shohradova, Lala"]
[Result "1-0"]
[WhiteElo "2311"]
[BlackElo "2025"]
[PlyCount "153"]
[EventDate "2025.02.25"]
[EventType "swiss"]
[EventRounds "11"]
[EventCountry "MNE"]
[SourceTitle "CB11_2025"]
[SourceDate "2025.03.12"]
[SourceVersion "1"]
[SourceVersionDate "2025.03.12"]
[SourceQuality "1"]

1. d4 Nf6 2. c4 e6 3. Nc3 d5 4. cxd5 exd5 5. Bg5 c6 6. e3 Be7 7. Bd3 0-0 8. Qc2 Nbd7 9. h3 Re8 10. Nf3 Nf8 11. 0-0 Ne4 12. Bf4 f5 13. Bh2 Ng6 14. Ne2 Bd6 15. Bxd6 Qxd6 16. g3 b6 17. Rac1 Bb7 18. Nf4 c5 19. Nxg6 Qxg6 20. Nh4 Qe6 21. dxc5 bxc5 22. Ng2 Rac8 23. h4 Qc6 24. Nf4 Kh8 25. Kh2 Qh6 26. f3 c4 27. Be2 Nf6 28. Qc3 Re7 29. Qd4 Rf8 30. Kg2 Nh5 31. Nxh5 Qxh5 32. Kf2 f4 33. exf4 Rfe8 34. Rce1 Qf5 35. Bd1 Qh3 36. Rh1 Qd7 37. Re5 Rxe5 38. fxe5 Rc8 39. Be2 Qa4 40. a3 Qc2 41. Qc3 Qf5 42. Rd1 Re8 43. f4 Qh3 44. Rd4 Qh2+ 45. Ke1 Bc6 46. Rd2 Qg1+ 47. Bf1 Rb8 48. Qf3 Rb3 49. Qf2 Rxg3 50. Qxg1 Rxg1 51. Kf2 Rg4 52. Rd4 Rxh4 53. Bxc4 Kg8 54. Bxd5+ Bxd5 55. Rxd5 Rxf4+ 56. Ke3 Rf8 57. Rd7 a5 58. Ke4 h5 59. e6 h4 60. Ke5 Re8 61. Rd4 Rb8 62. Rxh4 Rxb2 63. Kd6 Rb6+ 64. Kd7 Rb7+ 65. Kc6 Rb3 66. Rf4 Rc3+ 67. Kd7 Rd3+ 68. Ke8 g5 69. Rf5 Kg7 70. e7 Kg6 71. Rxa5 g4 72. Kf8 Rf3+ 73. Kg8 Re3 74. Ra6+ Kf5 75. Kf7 g3 76. Rf6+ Kg4 77. e8Q 1-0